[Event "17. Torneo San Viator 2011"]
[Site "Madrid ESP"]
[Date "2011.11.06"]
[Round "8.19"]
[White "Algaba Traspuesto, Jose Antonio"]
[Black "Cabeza Hernandez, Guillermo"]
[Result "1-0"]
[WhiteElo "1658"]
[BlackElo "1631"]
[PlyCount "45"]
[EventDate "2011.09.25"]
[EventType "swiss"]
[EventRounds "9"]
[EventCountry "ESP"]
[Source "lmi"]
[SourceDate "2011.09.25"]

1. c4 e5 2. g3 c6 3. Bg2 Nf6 4. d4 Bb4+ 5. Bd2 Qa5 6. dxe5 Bxd2+ 7. Qxd2 Qxe5
8. Nc3 O-O 9. Nf3 Qd6 10. b3 Na6 11. O-O Nc5 12. Qd4 Qe7 13. Rad1 a5 14. Rfe1
Rb8 15. e4 Ne6 16. Qa7 Qb4 17. Na4 Ng5 18. Nxg5 d5 19. Qxb8 Bg4 20. Qe5 Bxd1
21. Rxd1 b5 22. cxb5 cxb5 23. Qc3 1-0

[Event "17. Torneo San Viator 2011"]
[Site "Madrid ESP"]
[Date "2011.11.06"]
[Round "8.21"]
[White "Cortijo Manso, Luis"]
[Black "Zhynguel Ramirez De Verger, Alek"]
[Result "1/2-1/2"]
[WhiteElo "1538"]
[BlackElo "1516"]
[PlyCount "40"]
[EventDate "2011.09.25"]
[EventType "swiss"]
[EventRounds "9"]
[EventCountry "ESP"]
[Source "lmi"]
[SourceDate "2011.09.25"]

1. e4 c5 2. Nf3 d6 3. d4 Nf6 4. Nc3 cxd4 5. Qxd4 a6 6. Bg5 Nc6 7. Qa4 Bd7 8.
O-O-O b5 9. Qb3 Be6 10. Nd5 Nxe4 11. Qe3 Nxg5 12. Nxg5 Bxd5 13. Rxd5 e6 14. Nf3
Be7 15. Rd1 Rc8 16. Kb1 Qa5 17. Qb3 Qb6 18. Qe3 Qa5 19. Qb3 Qb6 20. Qe3 Qa5
1/2-1/2

[Event "17. Torneo San Viator 2011"]
[Site "Madrid ESP"]
[Date "2011.11.06"]
[Round "8.22"]
[White "Garcia Rojas, Juan Carlos"]
[Black "Ruiz Bazaga, Miriam"]
[Result "0-1"]
[WhiteElo "1565"]
[BlackElo "1624"]
[PlyCount "90"]
[EventDate "2011.09.25"]
[EventType "swiss"]
[EventRounds "9"]
[EventCountry "ESP"]
[Source "lmi"]
[SourceDate "2011.09.25"]

1. e4 e5 2. Nf3 Nc6 3. Bb5 Nf6 4. Nc3 Bb4 5. Nd5 Bc5 6. d3 Nd4 7. Ne3 Nxb5 8.
c4 Nd4 9. Nxe5 d6 10. Nf3 Bd7 11. Nxd4 Bxd4 12. O-O O-O 13. Qb3 Rb8 14. Re1 Ng4
15. Nxg4 Bxg4 16. Be3 Bxe3 17. Rxe3 Re8 18. Qc3 Re5 19. Rg3 Rg5 20. f4 Rg6 21.
Rf1 Bh5 22. Re3 c6 23. Qe1 Qb6 24. Qd2 Re8 25. d4 Rge6 26. Rfe1 f5 27. Rb3 Qc7
28. e5 dxe5 29. fxe5 Qf7 30. Rf1 Rg6 31. Qc2 f4 32. Qe4 f3 33. Rbxf3 Bxf3 34.
Rxf3 Qxc4 35. Qf4 Qe6 36. b3 Rg4 37. Qd2 Qd5 38. Qf2 Qxd4 39. Re3 Re4 40. Rxe4
Qxe4 41. h3 Qxe5 42. Qxa7 Qe3+ 43. Qxe3 Rxe3 44. Kf2 Rc3 45. Kg1 Rc2 0-1

[Event "17. Torneo San Viator 2011"]
[Site "Madrid ESP"]
[Date "2011.11.06"]
[Round "8.23"]
[White "Soto Martin, Miguel"]
[Black "Pujo Velez, David"]
[Result "1-0"]
[WhiteElo "1411"]
[BlackElo "1306"]
[PlyCount "117"]
[EventDate "2011.09.25"]
[EventType "swiss"]
[EventRounds "9"]
[EventCountry "ESP"]
[Source "lmi"]
[SourceDate "2011.09.25"]

1. d4 d5 2. Nf3 Nf6 3. e3 Bf5 4. c4 e6 5. Nbd2 Bb4 6. a3 Bxd2+ 7. Bxd2 Nc6 8.
Qb3 b6 9. cxd5 Nxd5 10. Bb5 Qd6 11. Ne5 Nde7 12. Bb4 Qd5 13. Qxd5 exd5 14. Bxe7
Kxe7 15. Nxc6+ Kd6 16. Ne5 c6 17. Bxc6 Be6 18. Bxa8 Rxa8 19. Rc1 f6 20. Nf3 Bf5
21. Kd2 a5 22. Kc3 Rc8+ 23. Kb3 a4+ 24. Kxa4 Bc2+ 25. Kb4 Rc4+ 26. Kb5 Kc7 27.
b4 Rc3 28. Rhd1 Bd3+ 29. Rxd3 Rxc1 30. a4 g5 31. a5 bxa5 32. Kxa5 Kc6 33. Ka4
Rc4 34. Nd2 Rc2 35. Kb3 Rc1 36. Kb2 Rh1 37. Rc3+ Kb5 38. Nf3 g4 39. Nd2 Rxh2
40. Rc5+ Kxb4 41. Rxd5 Rxg2 42. Rc5 Rxf2 43. Rc4+ Kb5 44. Kc3 Rxd2 45. Rc5+ Kb6
46. Kxd2 Kb7 47. Ke2 f5 48. Rxf5 Kc6 49. e4 Kd6 50. Rg5 h5 51. e5+ Ke6 52. Rxh5
g3 53. Kf3 g2 54. Kxg2 Ke7 55. d5 Kd8 56. Kf3 Kc8 57. e6 Kd8 58. d6 Kc8 59. d7+
1-0

[Event "17. Torneo San Viator 2011"]
[Site "Madrid ESP"]
[Date "2011.11.06"]
[Round "8.27"]
[White "Jimenez Perez, Federico"]
[Black "Garcia-Ines Sanchez, Gustavo"]
[Result "0-1"]
[WhiteElo "1330"]
[BlackElo "1633"]
[PlyCount "72"]
[EventDate "2011.09.25"]
[EventType "swiss"]
[EventRounds "9"]
[EventCountry "ESP"]
[Source "lmi"]
[SourceDate "2011.09.25"]

1. e4 c5 2. d4 cxd4 3. c3 Nf6 4. Bd3 Nc6 5. Nf3 e5 6. O-O Be7 7. Re1 d6 8. Bc4
O-O 9. cxd4 Bg4 10. h3 Bxf3 11. Qxf3 Nxd4 12. Qd3 Rc8 13. Nc3 a6 14. a4 Rxc4
15. Nd5 Rc8 16. Be3 Nc2 17. Bb6 Nxe1 18. Rxe1 Qd7 19. Be3 Nxd5 20. exd5 Qxa4
21. Bd2 Rc2 22. Bh6 gxh6 23. Qf5 Bf6 24. Re4 Qxe4 25. Qxe4 Rc1+ 26. Kh2 Rfc8
27. Qf5 Bg7 28. h4 R1c4 29. g4 e4 30. h5 Be5+ 31. Kg2 Kh8 32. Kh3 f6 33. f4
exf3 34. Qxf3 Rc3 35. bxc3 Rxc3 36. Qxc3 Bxc3 0-1

[Event "17. Torneo San Viator 2011"]
[Site "Madrid ESP"]
[Date "2011.11.13"]
[Round "9.1"]
[White "Cabanas Jimenez, Andres"]
[Black "Cano Cabanillas, Javier"]
[Result "1-0"]
[WhiteElo "2229"]
[BlackElo "1948"]
[PlyCount "37"]
[EventDate "2011.09.25"]
[EventType "swiss"]
[EventRounds "9"]
[EventCountry "ESP"]
[Source "lmi"]
[SourceDate "2011.09.25"]

1. e4 e6 2. Nf3 d5 3. Nc3 Nf6 4. e5 Nfd7 5. d4 c5 6. dxc5 Bxc5 7. Bd3 Nc6 8.
Bf4 Qb6 9. O-O Qxb2 10. Nb5 O-O 11. Bd2 Bb4 12. Rb1 Qxa2 13. Bxb4 Nxb4 14. Rxb4
a6 15. Bxh7+ Kh8 16. Nd6 g6 17. Rh4 Kg7 18. Qd2 Nxe5 19. Qh6+ 1-0

[Event "17. Torneo San Viator 2011"]
[Site "Madrid ESP"]
[Date "2011.11.13"]
[Round "9.2"]
[White "Ruiz Sanchez, Roberto"]
[Black "Cabanas Bravo, Juan Andres"]
[Result "0-1"]
[WhiteElo "1965"]
[BlackElo "2065"]
[PlyCount "102"]
[EventDate "2011.09.25"]
[EventType "swiss"]
[EventRounds "9"]
[EventCountry "ESP"]
[Source "lmi"]
[SourceDate "2011.09.25"]

1. e4 e5 2. Nf3 Nc6 3. Bb5 a6 4. Ba4 Nf6 5. O-O Nxe4 6. d4 b5 7. Bb3 d5 8. dxe5
Be6 9. c3 Nc5 10. Bc2 Bg4 11. Re1 Be7 12. Be3 Ne6 13. Bb3 Nxe5 14. Qxd5 Qxd5
15. Bxd5 Bxf3 16. Bxf3 Nxf3+ 17. gxf3 O-O 18. Nd2 c5 19. Rad1 Rfd8 20. Nb3 Kf8
21. Na5 c4 22. Nc6 Rxd1 23. Rxd1 Rc8 24. Ne5 f6 25. Nd7+ Ke8 26. Nb6 Rc6 27.
Kf1 Bc5 28. Nd5 Kf7 29. Nf4 Bxe3 30. fxe3 Nxf4 31. exf4 Ke6 32. Re1+ Kf5 33.
Re7 Kxf4 34. Rxg7 Rd6 35. Rxh7 Rd2 36. Rf7 f5 37. h4 Rxb2 38. h5 Rxa2 39. h6
Rh2 40. h7 Kxf3 41. Rxf5+ Ke4 42. Rf6 Rxh7 43. Rxa6 Kd3 44. Rb6 Rh5 45. Ke1
Kxc3 46. Rg6 Rd5 47. Ra6 b4 48. Ra4 b3 49. Ra3 Kc2 50. Ra4 Re5+ 51. Kf2 c3 0-1

[Event "17. Torneo San Viator 2011"]
[Site "Madrid ESP"]
[Date "2011.11.13"]
[Round "9.3"]
[White "Andalon Gomez, Carlos J"]
[Black "Rosa Ramirez, Victor D"]
[Result "0-1"]
[WhiteElo "2052"]
[BlackElo "1952"]
[PlyCount "68"]
[EventDate "2011.09.25"]
[EventType "swiss"]
[EventRounds "9"]
[EventCountry "ESP"]
[Source "lmi"]
[SourceDate "2011.09.25"]

1. d4 Nf6 2. c4 e5 3. dxe5 Ng4 4. e4 h5 5. Be2 Nc6 6. Nf3 Bc5 7. O-O Ncxe5 8.
Nxe5 Nxe5 9. a3 a5 10. Qb3 Qh4 11. Qg3 Qxg3 12. hxg3 d6 13. Nc3 Bg4 14. Bxg4
hxg4 15. Nd5 O-O-O 16. b4 Bd4 17. Ra2 Rh7 18. Ne7+ Kb8 19. Nf5 Rdh8 20. Nh4 Ng6
21. Rd1 Nxh4 22. gxh4 Rxh4 23. Kf1 Rh1+ 24. Ke2 Rxd1 25. Kxd1 Rh1+ 26. Kc2 Bxf2
27. Kd3 g3 28. Bf4 Rg1 29. Ke2 Rxg2 30. Kf3 Rh2 31. bxa5 g5 32. Bd2 Be1 33. Ke3
Bxd2+ 34. Kf3 Bf4 0-1

[Event "17. Torneo San Viator 2011"]
[Site "Madrid ESP"]
[Date "2011.11.13"]
[Round "9.4"]
[White "Barahona Torrijos, Angel"]
[Black "Cazorla Munoz, Francisco"]
[Result "1-0"]
[WhiteElo "1902"]
[BlackElo "1725"]
[PlyCount "65"]
[EventDate "2011.09.25"]
[EventType "swiss"]
[EventRounds "9"]
[EventCountry "ESP"]
[Source "lmi"]
[SourceDate "2011.09.25"]

1. e4 e6 2. d4 d5 3. Nc3 Nf6 4. e5 Nfd7 5. Nce2 c5 6. c3 Nc6 7. f4 Be7 8. Nf3
h6 9. Be3 Qa5 10. g4 Qd8 11. Ng3 cxd4 12. Nxd4 Nc5 13. b4 Nd7 14. Bb5 Nxd4 15.
Bxd4 Qc7 16. O-O O-O 17. Qe2 Nb6 18. f5 exf5 19. gxf5 Bg5 20. Qh5 Bd7 21. Bxd7
Nxd7 22. f6 g6 23. Qe2 Rae8 24. Qg2 Qc6 25. Rae1 Re6 26. Nf5 Kh7 27. Ne7 Qc4
28. Qxd5 Qc7 29. Nxg6 Kxg6 30. Qe4+ Kh5 31. Qf3+ Kg6 32. Qf5+ Kh5 33. Rf3 1-0

[Event "17. Torneo San Viator 2011"]
[Site "Madrid ESP"]
[Date "2011.11.13"]
[Round "9.5"]
[White "Pindado Campos, Raul"]
[Black "Garcia-Ruiz Fuentes, Marcos"]
[Result "1-0"]
[WhiteElo "1830"]
[BlackElo "1801"]
[PlyCount "113"]
[EventDate "2011.09.25"]
[EventType "swiss"]
[EventRounds "9"]
[EventCountry "ESP"]
[Source "lmi"]
[SourceDate "2011.09.25"]

1. d4 Nf6 2. Nf3 c5 3. d5 b5 4. e3 Bb7 5. c4 d6 6. b3 g6 7. Bb2 Bg7 8. Nbd2 e6
9. dxe6 fxe6 10. cxb5 O-O 11. Be2 a6 12. bxa6 Nxa6 13. O-O d5 14. a3 Nb8 15.
Qc2 Nbd7 16. Bd3 Qb6 17. a4 Rfc8 18. Rfc1 Nb8 19. Rab1 Na6 20. Bxa6 Bxa6 21.
Ne5 Rab8 22. Nd3 d4 23. exd4 cxd4 24. Nc4 Bxc4 25. bxc4 Qd8 26. Qe2 Rc6 27. Ba3
Rxb1 28. Rxb1 Qc8 29. Ne5 Ra6 30. Qc2 Nd5 31. Nf3 Nc3 32. Rb3 e5 33. Qb2 Ra8
34. a5 e4 35. Ng5 h6 36. Nh3 Kh7 37. c5 Qa6 38. Bb4 Qd3 39. g3 Qd1+ 40. Kg2
Qf3+ 41. Kf1 Rf8 42. Bxc3 dxc3 43. Qe2 Qd3 44. Nf4 Qd7 45. Kg2 Rd8 46. Qxe4 Qd1
47. Qxg6+ Kh8 48. Rb7 Rg8 49. Qe4 Rd8 50. Qg6 Rg8 51. Qe4 Rd8 52. Ng6+ Kg8 53.
Qe7 Qd5+ 54. Kg1 Qxb7 55. Qxb7 Rd2 56. Qb3+ Kh7 57. Qxc3 1-0

[Event "17. Torneo San Viator 2011"]
[Site "Madrid ESP"]
[Date "2011.11.13"]
[Round "9.6"]
[White "Al-Zarif, Bassam"]
[Black "Tolosana Esteban, Enrique"]
[Result "1/2-1/2"]
[WhiteElo "1701"]
[BlackElo "1806"]
[PlyCount "133"]
[EventDate "2011.09.25"]
[EventType "swiss"]
[EventRounds "9"]
[EventCountry "ESP"]
[Source "lmi"]
[SourceDate "2011.09.25"]

1. e4 Nc6 2. d4 d5 3. Nc3 dxe4 4. d5 Ne5 5. Qd4 Ng6 6. Bb5+ Bd7 7. Qxe4 Nf6 8.
Qc4 a6 9. Bxd7+ Qxd7 10. Bg5 O-O-O 11. O-O-O Qf5 12. Nh3 h6 13. Bxf6 Qxf6 14.
f4 Nh4 15. g3 Nf5 16. Rhe1 Nd6 17. Qe2 g6 18. Qe5 Qxe5 19. fxe5 Nc4 20. Rd4 Nb6
21. Rf4 Rh7 22. Ref1 Nxd5 23. Nxd5 Rxd5 24. Rxf7 Bg7 25. Nf4 Rxe5 26. Nxg6 Rg5
27. Nxe7+ Kd8 28. c3 Rh8 29. R1f5 Ke8 30. Nd5 Rxf5 31. Rxf5 c6 32. Nf4 Rf8 33.
Rxf8+ Bxf8 34. Ne6 Be7 35. Kc2 Kf7 36. Nf4 Kf6 37. Kd3 Kf5 38. h3 b5 39. a3 a5
40. Ne2 c5 41. Ke3 Bf6 42. b4 cxb4 43. cxb4 axb4 44. axb4 Be7 45. Nd4+ Kg5 46.
Kf3 Bxb4 47. Nxb5 h5 48. h4+ Kf5 49. Nd4+ Kg6 50. Ne6 Ba3 51. Nf4+ Kh6 52. Ke4
Bd6 53. Kf5 Bb8 54. Ne2 Bc7 55. g4 hxg4 56. Kxg4 Bd8 57. h5 Bf6 58. Nf4 Ba1 59.
Ne6 Bg7 60. Ng5 Bf6 61. Nf7+ Kg7 62. Nd6 Kh6 63. Nf5+ Kh7 64. Ng3 Kh6 65. Ne4
Be7 66. Ng3 Bf6 67. Nf5+ 1/2-1/2

[Event "17. Torneo San Viator 2011"]
[Site "Madrid ESP"]
[Date "2011.11.13"]
[Round "9.7"]
[White "Garcia Velayos, Carlos E"]
[Black "Castro Uceda, Jose A"]
[Result "1-0"]
[WhiteElo "1775"]
[BlackElo "1636"]
[PlyCount "137"]
[EventDate "2011.09.25"]
[EventType "swiss"]
[EventRounds "9"]
[EventCountry "ESP"]
[Source "lmi"]
[SourceDate "2011.09.25"]

1. Nf3 d5 2. g3 e6 3. Bg2 Nf6 4. d3 Be7 5. Nbd2 O-O 6. O-O b6 7. c3 Nbd7 8. Qc2
Bb7 9. Re1 e5 10. e4 dxe4 11. dxe4 b5 12. Nf1 Re8 13. Bg5 Bd6 14. Rad1 Nc5 15.
N3d2 h6 16. Be3 Qe7 17. f3 Bc8 18. Bf2 Be6 19. b3 Qd7 20. Ne3 Bh3 21. c4 Bxg2
22. Kxg2 Ne6 23. Nd5 Nh5 24. c5 Qc6 25. b4 a5 26. a3 axb4 27. axb4 Be7 28. Qb2
f6 29. Ra1 Qb7 30. Nb3 Ra6 31. Rxa6 Qxa6 32. Rc1 Qb7 33. Rd1 c6 34. Nxe7+ Qxe7
35. Rd6 Rc8 36. Na5 Nd8 37. Qd2 Qe8 38. Be3 Nf7 39. Rd3 g5 40. Nb7 Qe6 41. Nd6
Ra8 42. Qe2 Ra4 43. Bd2 Qa2 44. Kf2 Ng7 45. Be1 Ne6 46. Qxa2 Rxa2+ 47. Bd2 Nd4
48. Nf5 Nxf5 49. exf5 h5 50. h3 Ra8 51. Ke2 Rd8 52. Ra3 Nh6 53. h4 Nxf5 54.
hxg5 Nd4+ 55. Kf1 fxg5 56. Bxg5 Rf8 57. Kg2 Nc2 58. Rb3 Nd4 59. Re3 Rf5 60. f4
exf4 61. gxf4 Rf8 62. Re4 Nf5 63. Re6 Nd4 64. Rd6 Nc2 65. Rxc6 Nxb4 66. Rb6 Nd3
67. c6 Nxf4+ 68. Bxf4 Rxf4 69. c7 1-0

[Event "17. Torneo San Viator 2011"]
[Site "Madrid ESP"]
[Date "2011.11.13"]
[Round "9.8"]
[White "Perez Calahorra, Ricardo"]
[Black "Pardo Vaquero, Ignacio"]
[Result "1-0"]
[WhiteElo "2175"]
[BlackElo "1752"]
[PlyCount "61"]
[EventDate "2011.09.25"]
[EventType "swiss"]
[EventRounds "9"]
[EventCountry "ESP"]
[Source "lmi"]
[SourceDate "2011.09.25"]

1. d4 Nf6 2. c4 c5 3. d5 b5 4. cxb5 a6 5. e3 g6 6. Nc3 d6 7. Nf3 Nbd7 8. a4
axb5 9. Bxb5 Ba6 10. Ra3 Bg7 11. O-O O-O 12. e4 Ng4 13. Qe2 Qb6 14. Bg5 Rfe8
15. Rfa1 Nge5 16. Nd2 f6 17. Be3 Qb7 18. f4 Nf7 19. h4 Reb8 20. h5 Bxb5 21.
Nxb5 Nb6 22. hxg6 hxg6 23. Rb3 Qa6 24. Qg4 Nxa4 25. Nc7 Rxb3 26. Nxa6 Nxb2 27.
Nxb3 Nc4 28. Kf2 Kf8 29. Nc7 Rb8 30. Ne6+ Kg8 31. Qxg6 1-0

[Event "17. Torneo San Viator 2011"]
[Site "Madrid ESP"]
[Date "2011.11.13"]
[Round "9.9"]
[White "Alonso Herrero, Ignacio"]
[Black "Moreno Zamora, Gregorio"]
[Result "1-0"]
[WhiteElo "1812"]
[BlackElo "1773"]
[PlyCount "41"]
[EventDate "2011.09.25"]
[EventType "swiss"]
[EventRounds "9"]
[EventCountry "ESP"]
[Source "lmi"]
[SourceDate "2011.09.25"]

1. e4 c6 2. Nc3 d5 3. Qf3 e6 4. exd5 exd5 5. d4 Nf6 6. Bg5 Be7 7. Bd3 Be6 8.
Nge2 Nbd7 9. Nf4 Nf8 10. O-O h6 11. Nxe6 Nxe6 12. Be3 Qb6 13. Ne2 Nh7 14. Qg3
Bf6 15. Rfe1 Qd8 16. Nf4 Nhg5 17. h4 Nh7 18. Nxe6 fxe6 19. Bxh7 g5 20. Bg6+ Kd7
21. h5 1-0

[Event "17. Torneo San Viator 2011"]
[Site "Madrid ESP"]
[Date "2011.11.13"]
[Round "9.10"]
[White "Navarro Gonzalez, Jaime"]
[Black "Rodriguez Varela, Alvaro"]
[Result "1/2-1/2"]
[WhiteElo "1800"]
[BlackElo "1753"]
[PlyCount "40"]
[EventDate "2011.09.25"]
[EventType "swiss"]
[EventRounds "9"]
[EventCountry "ESP"]
[Source "lmi"]
[SourceDate "2011.09.25"]

1. e4 e5 2. Nf3 Nc6 3. Bb5 a6 4. Ba4 Nf6 5. O-O Nxe4 6. Bxc6 dxc6 7. Nxe5 Bc5
8. c3 O-O 9. d4 Be7 10. Nd2 Nf6 11. Ndf3 c5 12. Bg5 cxd4 13. Nxd4 Nd5 14. Bxe7
Nxe7 15. Qb3 Qd5 16. Qxd5 Nxd5 17. Rad1 Nf6 18. Rfe1 Re8 19. h3 Kf8 20. a4 Be6
1/2-1/2

[Event "17. Torneo San Viator 2011"]
[Site "Madrid ESP"]
[Date "2011.11.13"]
[Round "9.11"]
[White "Soto Martin, Pablo"]
[Black "Ruiz Escobar, Israel"]
[Result "0-1"]
[WhiteElo "1641"]
[BlackElo "1757"]
[PlyCount "90"]
[EventDate "2011.09.25"]
[EventType "swiss"]
[EventRounds "9"]
[EventCountry "ESP"]
[Source "lmi"]
[SourceDate "2011.09.25"]

1. e4 d5 2. exd5 Nf6 3. Bb5+ Nbd7 4. Nf3 a6 5. Be2 b5 6. d4 Bb7 7. O-O Bxd5 8.
Be3 e6 9. a4 b4 10. c4 bxc3 11. Nxc3 Rb8 12. Qc2 Bd6 13. Rab1 Qe7 14. Ng5 h6
15. Nge4 Nxe4 16. Nxe4 Bxh2+ 17. Kxh2 Qh4+ 18. Kg1 Qxe4 19. Qxe4 Bxe4 20. Rbc1
c6 21. Bxa6 O-O 22. f3 Bd5 23. Rc2 Rb3 24. Bf4 Ra8 25. Be2 Rxa4 26. Rd2 Ra2 27.
Rb1 Nb6 28. Bd1 Rb5 29. Be2 Rb4 30. Bd6 Rba4 31. Kh2 Nc4 32. Bxc4 Rxc4 33. Rbd1
Rca4 34. Ba3 Kh7 35. Kg3 Bb3 36. Re1 R4xa3 37. Rd3 Bc2 38. bxa3 Bxd3 39. Re3
Bc4 40. Rc3 Bd5 41. Kh3 g5 42. g3 Rf2 43. a4 Bxf3 44. a5 g4+ 45. Kh4 Rh2# 0-1

[Event "17. Torneo San Viator 2011"]
[Site "Madrid ESP"]
[Date "2011.11.13"]
[Round "9.12"]
[White "Perez Perez, Elena"]
[Black "Jimenez Elices, Jose Maria"]
[Result "1/2-1/2"]
[WhiteElo "1630"]
[BlackElo "1930"]
[PlyCount "63"]
[EventDate "2011.09.25"]
[EventType "swiss"]
[EventRounds "9"]
[EventCountry "ESP"]
[Source "lmi"]
[SourceDate "2011.09.25"]

1. e4 e6 2. d4 d5 3. Nd2 dxe4 4. Nxe4 Nd7 5. Nf3 Ngf6 6. Bg5 Be7 7. Nxf6+ Nxf6
8. Bd3 c5 9. c3 cxd4 10. Nxd4 O-O 11. Qe2 Re8 12. h4 e5 13. Nf5 Bxf5 14. Bxf5
Qc7 15. Rd1 Rad8 16. Bd2 e4 17. O-O Qe5 18. Bh3 Rd3 19. Be3 Red8 20. Bd4 Qh5
21. Qxh5 Nxh5 22. g3 Bc5 23. Bg4 Bxd4 24. cxd4 Nf6 25. Rxd3 exd3 26. Bf5 Rxd4
27. Rd1 d2 28. Kf1 g6 29. Bc2 Ne4 30. Ke2 f5 31. f3 Nc5 32. f4 1/2-1/2

[Event "17. Torneo San Viator 2011"]
[Site "Madrid ESP"]
[Date "2011.11.13"]
[Round "9.13"]
[White "Plazuelo Pascual, Juan"]
[Black "Martinez Rubio, Felipe"]
[Result "0-1"]
[WhiteElo "1610"]
[BlackElo "1868"]
[PlyCount "108"]
[EventDate "2011.09.25"]
[EventType "swiss"]
[EventRounds "9"]
[EventCountry "ESP"]
[Source "lmi"]
[SourceDate "2011.09.25"]

1. e4 c5 2. Nf3 e6 3. d4 cxd4 4. Nxd4 Nf6 5. Nc3 Nc6 6. Ndb5 d6 7. Bf4 e5 8.
Bg5 Be7 9. Bxf6 gxf6 10. Nd5 O-O 11. Nxe7+ Nxe7 12. Qxd6 Nc6 13. Qxd8 Rxd8 14.
c3 a6 15. Nc7 Ra7 16. Nd5 Kg7 17. O-O-O Be6 18. Bc4 b5 19. Bb3 Na5 20. Rd2 f5
21. f3 fxe4 22. fxe4 Rad7 23. Rhd1 Bg4 24. Rf1 Nxb3+ 25. axb3 Bh5 26. c4 bxc4
27. bxc4 Bg6 28. Re1 Rb8 29. Rc2 f6 30. c5 Bxe4 31. Nxf6 Kxf6 32. Rxe4 Rd5 33.
Ra4 Ra8 34. c6 Rdd8 35. b4 Rdc8 36. Kb2 Rab8 37. Ka3 Rb6 38. c7 Ke6 39. Ra5 Kd6
40. Rac5 Rb7 41. Rc6+ Kd7 42. Rxa6 Rbxc7 43. Rxc7+ Rxc7 44. Kb3 e4 45. Ra2 Ke6
46. Rc2 Rd7 47. b5 Ke5 48. g3 e3 49. Rc8 Kd4 50. Rc1 e2 51. b6 Kd3 52. Rc7 Rd6
53. Re7 Rxb6+ 54. Ka4 Rd6 0-1

[Event "17. Torneo San Viator 2011"]
[Site "Madrid ESP"]
[Date "2011.11.13"]
[Round "9.15"]
[White "Algaba Traspuesto, Jose Antonio"]
[Black "Lianes Garcia, Marcos"]
[Result "0-1"]
[WhiteElo "1658"]
[BlackElo "1430"]
[PlyCount "100"]
[EventDate "2011.09.25"]
[EventType "swiss"]
[EventRounds "9"]
[EventCountry "ESP"]
[Source "lmi"]
[SourceDate "2011.09.25"]

1. c4 e5 2. g3 Nf6 3. Bg2 Nc6 4. Nc3 d6 5. e4 Be7 6. Nge2 Be6 7. d3 Qd7 8. Nd5
Nd4 9. Nxd4 exd4 10. O-O c6 11. Nf4 h6 12. Nxe6 Qxe6 13. f4 Nd7 14. Qe2 O-O 15.
f5 Qe5 16. Bf4 Qc5 17. Rab1 Ne5 18. b4 Qb6 19. b5 c5 20. h4 Qc7 21. Kf2 Kh7 22.
Rh1 Qd8 23. Rh3 g5 24. hxg5 Bxg5 25. Rbh1 Kg7 26. Rxh6 Bxh6 27. Bxh6+ Kf6 28.
Bxf8 Qxf8 29. Ke1 Qg7 30. Kd1 Qg4 31. Rh6+ Kg7 32. Qxg4+ Nxg4 33. Rxd6 Ne3+ 34.
Ke2 Nxg2 35. e5 Re8 36. Kf3 Ne1+ 37. Kg4 Rxe5 38. f6+ Kg6 39. Kf4 Nxd3+ 40. Kg4
Nb2 41. Kf4 Re8 42. g4 d3 43. g5 Re2 44. Rd8 d2 45. Rg8+ Kh7 46. Rg7+ Kh8 47.
g6 fxg6 48. Rxg6 d1=Q 49. f7 Qf1+ 50. Kg5 Rg2+ 0-1

[Event "17. Torneo San Viator 2011"]
[Site "Madrid ESP"]
[Date "2011.11.13"]
[Round "9.17"]
[White "Soto Martin, Miguel"]
[Black "Sarabia Utrilla, Joaquin"]
[Result "1-0"]
[WhiteElo "1411"]
[BlackElo "1816"]
[PlyCount "115"]
[EventDate "2011.09.25"]
[EventType "swiss"]
[EventRounds "9"]
[EventCountry "ESP"]
[Source "lmi"]
[SourceDate "2011.09.25"]

1. d4 d5 2. Nf3 c5 3. e3 Bg4 4. Nbd2 e6 5. c4 cxd4 6. exd4 Nc6 7. Bd3 Nxd4 8.
cxd5 Qxd5 9. Qa4+ Nc6 10. Be4 Qd7 11. Bxc6 Qxc6 12. Qxg4 Nf6 13. Qc4 Bc5 14.
Qd3 Rd8 15. Qe2 O-O 16. O-O Nd5 17. Nc4 Rc8 18. Nce5 Qd6 19. Nc4 Qc7 20. b3 b5
21. Nce5 Nc3 22. Qe1 Bb4 23. Bd2 Qd6 24. a3 Bxa3 25. Bxc3 b4 26. Bd2 Rc2 27.
Nc4 Qd3 28. Bxb4 Bxb4 29. Qxb4 Rc3 30. Nce5 Qc2 31. Nd4 Qd2 32. Nb5 Rb8 33.
Qxc3 Qd5 34. Nc6 Rb7 35. Ncd4 h6 36. Qc8+ Kh7 37. Rxa7 Rxa7 38. Nxa7 Qxd4 39.
Qc2+ g6 40. Nb5 Qb6 41. Qc4 Qd8 42. Qc7 Qf6 43. Nc3 Kg7 44. Qg3 Qd4 45. Ne2 Qd2
46. Qc3+ Qxc3 47. Nxc3 Kf6 48. b4 Ke5 49. b5 Kd6 50. b6 Kc6 51. Na4 Kb7 52. Rc1
f5 53. Rc7+ Kb8 54. Rh7 e5 55. b7 e4 56. Nc5 f4 57. Rh8+ Kc7 58. b8=Q+ 1-0

[Event "17. Torneo San Viator 2011"]
[Site "Madrid ESP"]
[Date "2011.11.13"]
[Round "9.18"]
[White "Ruiz Bazaga, Miriam"]
[Black "Pindado Del Carmen, Eliseo"]
[Result "1-0"]
[WhiteElo "1624"]
[BlackElo "1655"]
[PlyCount "91"]
[EventDate "2011.09.25"]
[EventType "swiss"]
[EventRounds "9"]
[EventCountry "ESP"]
[Source "lmi"]
[SourceDate "2011.09.25"]

1. e4 c5 2. c3 Nf6 3. e5 Nd5 4. d4 e6 5. Nf3 Nc6 6. Bb5 Qb6 7. Bxc6 Qxc6 8. O-O
b6 9. c4 Nc7 10. Nc3 cxd4 11. Qxd4 Qc5 12. Be3 Qxd4 13. Bxd4 Ba6 14. b3 Bb7 15.
Nd2 Be7 16. Nde4 O-O 17. Rac1 Na6 18. Nd6 Bc6 19. a3 Rab8 20. b4 Nc7 21. b5 Ba8
22. a4 Ne8 23. c5 bxc5 24. Bxc5 Bxd6 25. Bxd6 Nxd6 26. exd6 Rb6 27. Rfd1 a6 28.
a5 Rb7 29. b6 Rc8 30. Na4 Rbb8 31. Nc5 Bc6 32. Ra1 Bb5 33. Rdc1 Kf8 34. Nb3 Ke8
35. Rc7 Bc6 36. Nd4 Bb7 37. Nb3 Bc6 38. Nc5 Bb5 39. b7 Rd8 40. Rb1 Be2 41. Rb6
f6 42. Nxa6 Rxb7 43. Rcxb7 Bxa6 44. Rxa6 Rc8 45. Rc7 Rb8 46. Rb6 1-0

[Event "17. Torneo San Viator 2011"]
[Site "Madrid ESP"]
[Date "2011.11.13"]
[Round "9.19"]
[White "Zhynguel Ramirez De Verger, Alek"]
[Black "Martin Garcia, Francisco Javier"]
[Result "0-1"]
[WhiteElo "1516"]
[BlackElo "1595"]
[PlyCount "74"]
[EventDate "2011.09.25"]
[EventType "swiss"]
[EventRounds "9"]
[EventCountry "ESP"]
[Source "lmi"]
[SourceDate "2011.09.25"]

1. d4 Nf6 2. Bf4 g6 3. e3 Bg7 4. Nf3 O-O 5. Be2 d5 6. c4 c5 7. Nc3 Nc6 8. dxc5
dxc4 9. h3 Nd7 10. Bxc4 Nxc5 11. O-O Be6 12. Bxe6 Nxe6 13. Bh2 Qa5 14. Qc2 Rac8
15. Rfc1 Rfd8 16. a3 Qa6 17. Rd1 b5 18. Qe2 Bxc3 19. bxc3 Qa4 20. Nd4 Ncxd4 21.
cxd4 Rc2 22. Rd2 Rdc8 23. Rxc2 Rxc2 24. Qd1 Qc4 25. Qf1 Qc3 26. Qd1 Ng5 27. Bf4
Ne4 28. f3 Nf2 29. Qe1 Qb2 30. Bg3 Nd3 31. Qf1 Nc1 32. Qd1 Rxg2+ 33. Kf1 Rxg3
34. Rxc1 Qg2+ 35. Ke1 Rxh3 36. Qe2 Qg3+ 37. Kd1 Rh1+ 0-1

[Event "17. Torneo San Viator 2011"]
[Site "Madrid ESP"]
[Date "2011.11.13"]
[Round "9.20"]
[White "Perez Mondejar, Adler"]
[Black "Rodriguez Alonso, Marcos"]
[Result "0-1"]
[WhiteElo "1398"]
[BlackElo "1540"]
[PlyCount "52"]
[EventDate "2011.09.25"]
[EventType "swiss"]
[EventRounds "9"]
[EventCountry "ESP"]
[Source "lmi"]
[SourceDate "2011.09.25"]

1. e4 e5 2. Nf3 d6 3. Bc4 Nc6 4. O-O Be7 5. c3 Nf6 6. Re1 Bg4 7. h3 Bh5 8. Bb5
O-O 9. d3 a6 10. Bc4 Qd7 11. Be3 Rad8 12. g4 Bg6 13. Qb3 Na5 14. Qb4 Nxc4 15.
Qxc4 b5 16. Qb3 Nxg4 17. Kg2 Nxe3+ 18. Rxe3 Kh8 19. d4 f5 20. exf5 Qxf5 21.
Nbd2 Bg5 22. Nxg5 Qxf2+ 23. Kh1 Qxe3 24. Ndf3 Rxf3 25. Nxf3 Qxf3+ 26. Kh2 Qf2+
0-1